ბათუმის შოთა რუსთაველის სახელმწიფო უნივერსიტეტის ბიბლიოთეკა

Персидские письма / (ბიბ.ჩანაწერი № 61203)

000 -LEADER
fixed length control field 00530nam a22001577a 4500
005 - DATE AND TIME OF LATEST TRANSACTION
control field 20240108105349.0
008 - FIXED-LENGTH DATA ELEMENTS--GENERAL INFORMATION
fixed length control field 240108s1956 ru ||||| |||| 00| 0 rus d
041 ## - LANGUAGE CODE
Language code of text/sound track or separate title rus
080 ## - UNIVERSAL DECIMAL CLASSIFICATION NUMBER
Universal Decimal Classification number 14(44) M-77
100 ## - MAIN ENTRY--PERSONAL NAME
Personal name Монтескье
9 (RLIN) 20949
245 ## - TITLE STATEMENT
Title Персидские письма /
Statement of responsibility, etc. Монтескье.
264 ## - PRODUCTION, PUBLICATION, DISTRIBUTION, MANUFACTURE, AND COPYRIGHT NOTICE
Place of production, publication, distribution, manufacture Москва :
Name of producer, publisher, distributor, manufacturer Художественная литература,
Date of production, publication, distribution, manufacture, or copyright notice 1956.
300 ## - PHYSICAL DESCRIPTION
Extent 398 с.;
Other physical details 17 см.
653 ## - INDEX TERM--UNCONTROLLED
keyword სპარსული წერილები
942 ## - ADDED ENTRY ELEMENTS (KOHA)
Source of classification or shelving scheme
Koha item type წიგნი
ეგზემპლარები
Withdrawn status Lost status Source of classification or shelving scheme Damaged status Not for loan Permanent Location Current Location Shelving location Date acquired Cost, normal purchase price Full call number Barcode Date last seen Copy number Uniform Resource Identifier Price effective from Koha item type Public note
          ბათუმის შოთა რუსთაველის სახელმწიფო უნივერსიტეტის მთავარი ბიბლიოთეკა ბათუმის შოთა რუსთაველის სახელმწიფო უნივერსიტეტის მთავარი ბიბლიოთეკა წიგნსაცავი 2024-01-08 8.00 14(44) M-77 65723 2024-01-08 65723 ბსუ-ს საპატიო დოქტორის გურამ ლორთქიფანიძის საჩუქარი 2024-01-08 წიგნი 8 ლ.